Las rutas de los castillos castellanos (Record no. 74027)

MARC details
000 -LEADER
campo de control de longitud fija 00704nam a2200205 i 4500
001 - NÚMERO DE CONTROL
campo de control 74027
003 - IDENTIFICADOR DE NÚMERO DE CONTROL
campo de control ES-MaACL
005 - FECHA Y HORA DE LA ÚLTIMA TRANSACCIÓN
campo de control 20231223063051.0
007 - CAMPO FIJO DE DESCRIPCIÓN FÍSICA--INFORMACIÓN GENERAL
campo de control de longitud fija t|
008 - DATOS DE LONGITUD FIJA--INFORMACIÓN GENERAL
campo de control de longitud fija 040914s1954 sp af |||| | spa d
080 ## - NÚMERO DE LA CLASIFICACIÓN DECIMAL UNIVERSAL
Número de la Clasificación Decimal Universal 728.81(460)
100 1# - ENTRADA PRINCIPAL--NOMBRE DE PERSONA
Nombre de persona Candamo, Luis G. de,
Fechas asociadas al nombre 1922-2012
9 (RLIN) 34442
245 14 - MENCIÓN DEL TÍTULO
Título Las rutas de los castillos castellanos
Resto del título = A tour to the castilian castles /
Mención de responsabilidad, etc. Luis González de Candamo ; introducción de Francisco Sintes Obrador.
260 ## - PUBLICACIÓN, DISTRIBUCIÓN, ETC.
Lugar de publicación, distribución, etc. Madrid :
Nombre del editor, distribuidor, etc. [s.n.,
Fecha de publicación, distribución, etc. 1954] (
Fabricante Sáez)
300 ## - DESCRIPCIÓN FÍSICA
Extensión 135 p., 3 lám. ;
Dimensiones 27 cm.
650 04 - PUNTO DE ACCESO ADICIONAL DE MATERIA--TÉRMINO DE MATERIA
Término de materia o nombre geográfico como elemento de entrada Castillos-
Subdivisión geográfica España.
9 (RLIN) 10828
700 1# - ENTRADA AGREGADA--NOMBRE PERSONAL
Nombre de persona Sintes Obrador, Francisco.
9 (RLIN) 106652
852 ## - LOCALIZACIÓN
Ubicación ES-MaACL
Número de control de estantería C-8589
Holdings
Estatus retirado Estado de pérdida Estado de daño No para préstamo Biblioteca de origen Biblioteca actual Ubicación en estantería Fecha de adquisición Fuente de adquisición Total de préstamos Signatura topográfica completa Código de barras Visto por última vez Precio de reemplazo Tipo de ítem Koha
        Biblioteca del Ateneo de Madrid Biblioteca del Ateneo de Madrid Sala Palomar 17/01/2008     C-8589 1077487 23/02/2023 23/02/2023 Libro impreso